000 03133nam0a2200361 4500
001 RU\NLR\BIBL_A\012807565
005 20220907162249.0
010 _a978-5-7513-3195-5
_950
021 _aRU
_bКН-П-22-012393
_9КН-П-22-1051
035 _a(NLR Aleph) 012807565
035 _a(RuMoRGB)010995672
090 _a13202913
_c13202913
100 _a20220602d2021 u y0rusy50 ca
101 0 _arus
102 _aRU
105 _aa j 000zy
181 0 _ai
_baxxe
182 0 _an
200 1 _aУсловия образования месторождений
_eучебное пособие
_eдля студентов геологических и горных специальностей
_fА. Г. Павлов, В. Р. Филиппов
_gМинистерство науки и высшего образования Российской Федерации, Северо-Восточный федеральный университет имени М. К. Аммосова, Геологоразведочный факультет
203 _aТекст
_bвизуальный
_cнепосредственный
210 _aЯкутск
_cИздательский дом Северо-Восточного федерального университета
_d2021
215 _a222 с.
_cил., табл.
_d20
320 _aБиблиогр.: с. 215-222 (94 назв.)
330 _aУчебное пособие охватывает широкий круг вопросов о происхождении месторождений полезных ископаемых. По условиям образования месторождения подразделены на серии. Серии подразделяются на группы, подгруппы. Последние подразделены на классы и типы. Описываются геологические, физико-химические условия образования и формы проявления каждого выделенного генетического типа месторождений. Пособие рассчитано для студентов геологических и горных специальностей и аспирантов, изучающих геологические условия образования месторождений полезных ископаемых
606 _aПолезные ископаемые
_jУчебные издания для высших учебных заведений
_xМесторождения
_xПроисхождение
_91374278
_3RU\NLR\AUTH\66262349
675 _a553.2(075.8)
_v4
686 1 _aД450.00я73
700 1 _7ca
_8rus
_aПавлов
_bА. Г.
_cканд. геол.-минерал. наук
_f1948-
_gАлексей Гаврильевич
_9245915
_3RU\NLR\AUTH\770245971
701 1 _7ca
_8rus
_aФилиппов
_bВ. Р.
_cинженер-геолог
_f1949-
_gВасилий Романович
_9132069
_3RU\NLR\AUTH\770132103
942 _cBOOK
980 _aNB